[Event "España ch 2012 Veteranos"]
[Site "Mondariz ESP"]
[Date "2012.10.16"]
[Round "7.14"]
[White "Sio Areal, Manuel"]
[Black "Iglesias Vidal, Jose Luis"]
[Result "0-1"]
[WhiteElo "1415"]
[BlackElo "1685"]
[PlyCount "72"]
[EventDate "2012.10.10"]
[EventType "swiss"]
[EventRounds "9"]
[EventCountry "ESP"]
[Source "lmi"]
[SourceDate "2012.10.10"]

1. d4 Nf6 2. Bf4 d6 3. Nf3 Bf5 4. e3 Nbd7 5. Nbd2 c6 6. c3 h6 7. Bc4 e6 8. O-O
g5 9. Bg3 Be7 10. h3 d5 11. Bb3 g4 12. Nh4 Bd3 13. Re1 gxh3 14. gxh3 Rg8 15.
Ndf3 Be4 16. Bc2 Nh5 17. Kh2 Nxg3 18. fxg3 Qc7 19. Rg1 Bd6 20. Kh1 Rxg3 21.
Rxg3 Bxg3 22. Ng2 Nf6 23. Qe2 O-O-O 24. b4 Bd6 25. a4 Nh5 26. Qd1 Qe7 27. Ne5
Ng3+ 28. Kh2 Bxc2 29. Qxc2 Ne4 30. c4 f6 31. c5 Bc7 32. b5 fxe5 33. b6 axb6 34.
Ne1 exd4+ 35. Kh1 Qf7 36. exd4 Qf1# 0-1

[Event "España ch 2012 Veteranos"]
[Site "Mondariz ESP"]
[Date "2012.10.17"]
[Round "8.1"]
[White "Franco Ocampos, Zenon"]
[Black "Lopez Colon, Francisco"]
[Result "1-0"]
[WhiteElo "2502"]
[BlackElo "2093"]
[PlyCount "47"]
[EventDate "2012.10.10"]
[EventType "swiss"]
[EventRounds "9"]
[EventCountry "ESP"]
[Source "lmi"]
[SourceDate "2012.10.10"]

1. Nf3 d5 2. c4 c6 3. d4 e6 4. Qc2 f5 5. g3 Nf6 6. Bg2 Bd6 7. O-O O-O 8. b3 Qe7
9. Bf4 Bxf4 10. gxf4 Ne4 11. Nbd2 Nd7 12. e3 Nxd2 13. Qxd2 b6 14. Rfc1 Bb7 15.
b4 Rfc8 16. Rc2 dxc4 17. Rxc4 c5 18. dxc5 bxc5 19. Rac1 Rd8 20. bxc5 Ne5 21.
Qxd8+ Rxd8 22. Nxe5 Bxg2 23. Kxg2 Rd2 24. c6 1-0

[Event "España ch 2012 Veteranos"]
[Site "Mondariz ESP"]
[Date "2012.10.17"]
[Round "8.2"]
[White "Diaz Franco, Francisco Jorge"]
[Black "Serra Olives, Tomas"]
[Result "0-1"]
[WhiteElo "1987"]
[BlackElo "2132"]
[PlyCount "40"]
[EventDate "2012.10.10"]
[EventType "swiss"]
[EventRounds "9"]
[EventCountry "ESP"]
[Source "lmi"]
[SourceDate "2012.10.10"]

1. d4 Nf6 2. c4 g6 3. Nc3 d5 4. Nf3 Bg7 5. e3 O-O 6. Qb3 c6 7. Be2 e6 8. O-O
Nbd7 9. Qc2 Re8 10. cxd5 exd5 11. b4 Qe7 12. Rb1 Nb6 13. Na4 Bf5 14. Bd3 Bxd3
15. Qxd3 Nxa4 16. b5 Nb6 17. Ba3 Qe4 18. Qxe4 Nxe4 19. bxc6 bxc6 20. Rfc1 Nc4
0-1

[Event "España ch 2012 Veteranos"]
[Site "Mondariz ESP"]
[Date "2012.10.17"]
[Round "8.3"]
[White "Montecatine Rios, Ricardo"]
[Black "Coll Pons, Guillem"]
[Result "1-0"]
[WhiteElo "2316"]
[BlackElo "2040"]
[PlyCount "55"]
[EventDate "2012.10.10"]
[EventType "swiss"]
[EventRounds "9"]
[EventCountry "ESP"]
[Source "lmi"]
[SourceDate "2012.10.10"]

1. d4 d5 2. c4 c6 3. Nc3 e6 4. e4 dxe4 5. Nxe4 Bb4+ 6. Bd2 Bxd2+ 7. Qxd2 Nf6 8.
Nc3 O-O 9. Nf3 Nbd7 10. Rd1 Qe7 11. Be2 b6 12. O-O Bb7 13. Rfe1 Rfd8 14. Bd3 h6
15. a3 Qd6 16. b4 Qc7 17. Ne5 a5 18. f4 axb4 19. axb4 c5 20. dxc5 bxc5 21. b5
Nb6 22. Qe3 Rd4 23. Ne2 Rd6 24. Ng3 Rad8 25. f5 exf5 26. Nxf5 Re6 27. Nxh6+
gxh6 28. Qg3+ 1-0

[Event "España ch 2012 Veteranos"]
[Site "Mondariz ESP"]
[Date "2012.10.17"]
[Round "8.4"]
[White "Simon Padros, Emili"]
[Black "Pastor Alonso De Prado, Albert"]
[Result "1-0"]
[WhiteElo "2202"]
[BlackElo "2139"]
[PlyCount "103"]
[EventDate "2012.10.10"]
[EventType "swiss"]
[EventRounds "9"]
[EventCountry "ESP"]
[Source "lmi"]
[SourceDate "2012.10.10"]

1. e4 e5 2. Nf3 Nc6 3. Bb5 Nf6 4. d3 Bc5 5. c3 Qe7 6. O-O O-O 7. a4 a6 8. Bc4
Ba7 9. b4 d6 10. Bg5 h6 11. Bh4 Nd8 12. Na3 Be6 13. Re1 g5 14. Bg3 Ne8 15. d4
f6 16. Qb3 Ng7 17. Rad1 Qf7 18. h3 Kh7 19. Kh1 Rg8 20. Nh2 Bxc4 21. Qxc4 Qxc4
22. Nxc4 exd4 23. cxd4 Nc6 24. Ng4 Nh5 25. b5 axb5 26. axb5 Nb4 27. b6 cxb6 28.
Bxd6 Nc2 29. Re2 Nxd4 30. Rb2 b5 31. Na3 f5 32. exf5 Nxf5 33. Rxb5 Nxd6 34.
Rxd6 Rg6 35. Rxb7+ Ng7 36. Rdd7 Bb8 37. Nc2 h5 38. Nge3 Be5 39. g3 Rf8 40. Kg2
Rd6 41. Rxd6 Bxd6 42. Nd4 Kg6 43. Rxg7+ Kxg7 44. Ndf5+ Kg6 45. Nxd6 Ra8 46. Ne4
Re8 47. Nc3 Kf6 48. f4 gxf4 49. gxf4 Rg8+ 50. Kf3 Rg1 51. Ne4+ Ke6 52. Ng3 1-0

[Event "España ch 2012 Veteranos"]
[Site "Mondariz ESP"]
[Date "2012.10.17"]
[Round "8.5"]
[White "Buxade Roca, Guillermo"]
[Black "Oneto Zarco, Jose"]
[Result "1-0"]
[WhiteElo "2128"]
[BlackElo "2013"]
[PlyCount "107"]
[EventDate "2012.10.10"]
[EventType "swiss"]
[EventRounds "9"]
[EventCountry "ESP"]
[Source "lmi"]
[SourceDate "2012.10.10"]

1. c4 e5 2. Nc3 Nf6 3. Nf3 Nc6 4. d3 d5 5. cxd5 Nxd5 6. g3 Bb4 7. Bd2 O-O 8.
Bg2 Re8 9. O-O Nxc3 10. bxc3 Bc5 11. Ng5 h6 12. Ne4 Bb6 13. c4 f5 14. Nc3 Ne7
15. Na4 Bd4 16. Rb1 c6 17. e3 Bb6 18. Nxb6 axb6 19. Bc3 Ng6 20. Qc2 Be6 21. Ba1
Ra3 22. Rfd1 Qc7 23. Rb3 Ra6 24. a3 Rea8 25. Bb2 Qf7 26. Rc3 Ra4 27. f4 R8a5
28. Bf1 Qe7 29. d4 exf4 30. exf4 Qf7 31. Re1 Nf8 32. Qe2 Ra8 33. Qc2 R4a5 34.
Rd1 Rd8 35. Re3 Re8 36. Re5 Nd7 37. Rxa5 bxa5 38. d5 cxd5 39. cxd5 Nb6 40. dxe6
Qxe6 41. Qc5 Rc8 42. Qe5 Qf7 43. Qxa5 Nc4 44. Qc3 b5 45. Bxc4 Rxc4 46. Qd3 Qa7+
47. Kg2 Qb7+ 48. Kh3 Qf7 49. Qd5 Rc2 50. Be5 g5 51. fxg5 hxg5 52. Qd8+ Kh7 53.
Qh8+ Kg6 54. Rd6+ 1-0

[Event "España ch 2012 Veteranos"]
[Site "Mondariz ESP"]
[Date "2012.10.17"]
[Round "8.6"]
[White "Casares Ripoll, Fernando"]
[Black "Lorenzo Duran, Marcos"]
[Result "0-1"]
[WhiteElo "2149"]
[BlackElo "2112"]
[PlyCount "66"]
[EventDate "2012.10.10"]
[EventType "swiss"]
[EventRounds "9"]
[EventCountry "ESP"]
[Source "lmi"]
[SourceDate "2012.10.10"]

1. e4 e6 2. d3 d5 3. Nd2 Nf6 4. g3 b6 5. Bg2 Bb7 6. Nh3 h5 7. O-O h4 8. g4 g6
9. g5 Nfd7 10. Re1 Be7 11. Qe2 Nc5 12. b4 Na4 13. exd5 Bxd5 14. Qe5 Rh5 15.
Bxd5 Qxd5 16. Qxd5 exd5 17. Nf3 Kf8 18. Bd2 Bd6 19. Ne5 Na6 20. Nd7+ Kg7 21.
Nf6 Rhh8 22. Nxd5 c6 23. Bf4 Bxf4 24. Ndxf4 Nxb4 25. Re4 c5 26. Rc1 Nc3 27. Re7
Rhe8 28. Rxe8 Rxe8 29. a3 Nc6 30. Kf1 Nd4 31. Ng1 Re5 32. Ng2 Rxg5 33. Nxh4
Rxg1+ 0-1

[Event "España ch 2012 Veteranos"]
[Site "Mondariz ESP"]
[Date "2012.10.17"]
[Round "8.7"]
[White "Darias Darias, Luis"]
[Black "Estrada Martinez, Cesar"]
[Result "1-0"]
[WhiteElo "1847"]
[BlackElo "2090"]
[PlyCount "85"]
[EventDate "2012.10.10"]
[EventType "swiss"]
[EventRounds "9"]
[EventCountry "ESP"]
[Source "lmi"]
[SourceDate "2012.10.10"]

1. d4 Nf6 2. c4 c5 3. e3 g6 4. Nf3 Bg7 5. Bd3 O-O 6. O-O d6 7. h3 Nbd7 8. Nc3
e6 9. Re1 d5 10. Qe2 b6 11. cxd5 exd5 12. b3 Re8 13. Bb5 Bb7 14. dxc5 bxc5 15.
Rd1 a6 16. Bxd7 Qxd7 17. Qd3 Qc7 18. Bb2 Rad8 19. Rac1 Qa5 20. Na4 Rc8 21. Qd2
Qb5 22. Nc3 Qd7 23. Na4 Qb5 24. Bxf6 Bxf6 25. Nc3 Bxc3 26. Qxc3 Qb6 27. Ne5 d4
28. exd4 cxd4 29. Qg3 Qd6 30. Rxc8 Bxc8 31. Ng4 Qxg3 32. Nf6+ Kf8 33. fxg3 Re2
34. Nxh7+ Ke7 35. Ng5 Rxa2 36. Rxd4 f6 37. Rc4 Bd7 38. Nf3 Rb2 39. Nd4 Kd6 40.
h4 Ke5 41. Rc7 Kxd4 42. Rxd7+ Ke3 43. Rg7 1-0

[Event "España ch 2012 Veteranos"]
[Site "Mondariz ESP"]
[Date "2012.10.17"]
[Round "8.8"]
[White "Hostalet Ferrer, Pedro Enrique"]
[Black "Salgado Gonzalez, Julio"]
[Result "1-0"]
[WhiteElo "2031"]
[BlackElo "1836"]
[PlyCount "35"]
[EventDate "2012.10.10"]
[EventType "swiss"]
[EventRounds "9"]
[EventCountry "ESP"]
[Source "lmi"]
[SourceDate "2012.10.10"]

1. d4 d5 2. c4 dxc4 3. e3 e5 4. Bxc4 exd4 5. Nf3 Bb4+ 6. Bd2 Bxd2+ 7. Qxd2 Nc6
8. exd4 Nf6 9. O-O O-O 10. h3 Bf5 11. Nc3 a6 12. Rfe1 Qd7 13. Rad1 Rfe8 14. Ne5
Nxe5 15. dxe5 Qxd2 16. Rxd2 Nd7 17. e6 Bxe6 18. Rxe6 1-0

[Event "España ch 2012 Veteranos"]
[Site "Mondariz ESP"]
[Date "2012.10.17"]
[Round "8.9"]
[White "Gutierrez Leon, Cristobal"]
[Black "Vinal Gutierrez, Pedro"]
[Result "1-0"]
[WhiteElo "1947"]
[BlackElo "2009"]
[PlyCount "75"]
[EventDate "2012.10.10"]
[EventType "swiss"]
[EventRounds "9"]
[EventCountry "ESP"]
[Source "lmi"]
[SourceDate "2012.10.10"]

1. g3 Nf6 2. Bg2 g6 3. d4 Bg7 4. c3 O-O 5. Nf3 d6 6. O-O c6 7. Na3 Qc7 8. Re1
Rd8 9. Bg5 h6 10. Bxf6 exf6 11. Qd2 f5 12. e4 fxe4 13. Rxe4 Bf5 14. Re2 Nd7 15.
Nh4 Be6 16. Nxg6 Nf6 17. Nf4 Bf5 18. Rae1 Re8 19. Nh5 Rxe2 20. Nxf6+ Bxf6 21.
Rxe2 Bg5 22. f4 Bf6 23. h3 Be6 24. b3 a5 25. f5 Bg5 26. Qd3 Bd7 27. Qf3 Qd8 28.
h4 Bf6 29. Qf4 Qf8 30. Nc4 d5 31. Nd6 b5 32. Nb7 b4 33. Nc5 Bc8 34. c4 Bxf5 35.
cxd5 cxd5 36. Kh2 Qc8 37. Bxd5 Bg4 38. Rf2 1-0

[Event "España ch 2012 Veteranos"]
[Site "Mondariz ESP"]
[Date "2012.10.17"]
[Round "8.10"]
[White "Ciuro Munoz, Ricardo"]
[Black "Fernandez Garcia, Ignacio"]
[Result "1-0"]
[WhiteElo "2087"]
[BlackElo "1793"]
[PlyCount "55"]
[EventDate "2012.10.10"]
[EventType "swiss"]
[EventRounds "9"]
[EventCountry "ESP"]
[Source "lmi"]
[SourceDate "2012.10.10"]

1. e4 e6 2. d4 d5 3. e5 c5 4. dxc5 Nc6 5. f4 Bxc5 6. Bd3 g6 7. Nf3 Qb6 8. Qe2
Bd7 9. c3 Rc8 10. Nbd2 Nh6 11. Nb3 Be7 12. Be3 Qd8 13. Nc5 Nxe5 14. Nxe5 Bxc5
15. Bxc5 Rxc5 16. Nxd7 Kxd7 17. O-O Qb6 18. Kh1 Qd6 19. Rad1 Nf5 20. c4 d4 21.
b4 Rcc8 22. Bxf5 gxf5 23. c5 Qc7 24. Rxd4+ Ke7 25. Rfd1 Rcd8 26. Rd6 b6 27. Qh5
Rhg8 28. Qh4+ 1-0

[Event "España ch 2012 Veteranos"]
[Site "Mondariz ESP"]
[Date "2012.10.17"]
[Round "8.11"]
[White "Vidal Torres, Roberto"]
[Black "Garcia Sanchez, Jose Manuel"]
[Result "1/2-1/2"]
[WhiteElo "1705"]
[BlackElo "1874"]
[PlyCount "83"]
[EventDate "2012.10.10"]
[EventType "swiss"]
[EventRounds "9"]
[EventCountry "ESP"]
[Source "lmi"]
[SourceDate "2012.10.10"]

1. d4 Nf6 2. c4 g6 3. Nc3 Bg7 4. e4 d6 5. Bd3 e5 6. d5 O-O 7. f3 c5 8. Nge2 Nh5
9. Be3 f5 10. O-O f4 11. Bf2 Nd7 12. a3 b6 13. Qa4 Ndf6 14. b4 Bd7 15. Qc2 h6
16. bxc5 bxc5 17. Rfb1 Nh7 18. Nb5 Bc8 19. Rb3 g5 20. h3 N5f6 21. Rab1 h5 22.
Kf1 g4 23. Ng1 gxh3 24. gxh3 Ng5 25. h4 Nh3 26. Nxh3 Bxh3+ 27. Ke2 Ng4 28. fxg4
hxg4 29. Kd2 g3 30. Bf1 Qxh4 31. Bxh3 Qxh3 32. Qd1 Qg2 33. Qf3 Qxf2+ 34. Qxf2
gxf2 35. Nxd6 Bf6 36. Nf5 Kf7 37. Ke2 Rh8 38. Kxf2 Rh2+ 39. Kg1 Rah8 40. R1b2
Rh1+ 41. Kg2 R8h2+ 42. Kf3 1/2-1/2

[Event "España ch 2012 Veteranos"]
[Site "Mondariz ESP"]
[Date "2012.10.17"]
[Round "8.12"]
[White "Iglesias Vidal, Jose Luis"]
[Black "Bello Filgueira, Joaquin Anton"]
[Result "0-1"]
[WhiteElo "1685"]
[BlackElo "1920"]
[PlyCount "104"]
[EventDate "2012.10.10"]
[EventType "swiss"]
[EventRounds "9"]
[EventCountry "ESP"]
[Source "lmi"]
[SourceDate "2012.10.10"]

1. e4 c5 2. Nf3 e6 3. d4 cxd4 4. Nxd4 a6 5. Nc3 Qc7 6. a3 Nf6 7. Bg5 Be7 8. Bd3
h6 9. Bh4 Nxe4 10. Nxe4 Bxh4 11. Qg4 Bg5 12. Ne2 O-O 13. Nxg5 Qa5+ 14. Nc3 Qxg5
15. Qxg5 hxg5 16. Ne4 g4 17. h4 d5 18. Ng3 Nc6 19. h5 Ne5 20. Be2 f5 21. f4
gxf3 22. gxf3 f4 23. Nf1 Rf6 24. Nh2 Bd7 25. O-O-O Bc6 26. Rhe1 Rf5 27. Ng4
Rxh5 28. Nxe5 Rxe5 29. Bd3 Re3 30. Rh1 Kf7 31. Rh3 e5 32. Rdh1 e4 33. fxe4 Rxh3
34. Rxh3 dxe4 35. Bc4+ Kf6 36. Kd2 Rd8+ 37. Ke2 Bb5 38. Bxb5 axb5 39. Rh5 g5
40. Rh6+ Kf5 41. Rb6 e3 42. Rxb5+ Kg4 43. Re5 Rd2+ 44. Ke1 Rxc2 45. b4 Ra2 46.
b5 Rxa3 47. Re7 Kf3 48. Kd1 Ra2 49. b6 e2+ 50. Kc1 Ra1+ 51. Kd2 e1=Q+ 52. Rxe1
Rxe1 0-1

[Event "España ch 2012 Veteranos"]
[Site "Mondariz ESP"]
[Date "2012.10.18"]
[Round "9.1"]
[White "Simon Padros, Emili"]
[Black "Franco Ocampos, Zenon"]
[Result "1/2-1/2"]
[WhiteElo "2202"]
[BlackElo "2502"]
[PlyCount "116"]
[EventDate "2012.10.10"]
[EventType "swiss"]
[EventRounds "9"]
[EventCountry "ESP"]
[Source "lmi"]
[SourceDate "2012.10.10"]

1. e4 c5 2. Nf3 Nc6 3. d4 cxd4 4. Nxd4 e6 5. Nb5 d6 6. c4 Nf6 7. N1c3 a6 8. Na3
Be7 9. Be2 O-O 10. O-O b6 11. Be3 Bb7 12. f3 Ne5 13. Qb3 Ned7 14. Rfd1 Qc7 15.
Rac1 Rac8 16. Bf1 Qb8 17. Kh1 Bd8 18. Qc2 Bc7 19. Qf2 Kh8 20. Rc2 Rg8 21. Rcd2
g5 22. Bd4 Rg6 23. g4 Kg7 24. Ne2 Ne5 25. Bxe5 dxe5 26. Ng3 Kh8 27. Qe3 Rgg8
28. Nc2 Rcd8 29. Ne1 Rxd2 30. Rxd2 Qe8 31. b4 Qa4 32. a3 h6 33. h4 Nh7 34. Nh5
Qe8 35. c5 b5 36. Bg2 Bc6 37. Nd3 f5 38. Nf2 f4 39. Qc3 Rf8 40. Nd3 Qb8 41.
hxg5 hxg5 42. Bf1 Kg8 43. Nb2 Kf7 44. a4 Rh8 45. Kg1 Nf6 46. Nxf6 Kxf6 47. axb5
axb5 48. Rh2 Rxh2 49. Kxh2 Qh8+ 50. Kg1 Qh4 51. Qd2 Qg3+ 52. Bg2 Qh4 53. Qf2
Qh8 54. Bf1 Qa8 55. Qh2 Kg7 56. Qh5 Bd8 57. Nd3 Qa1 58. Qh2 Bf6 1/2-1/2

[Event "España ch 2012 Veteranos"]
[Site "Mondariz ESP"]
[Date "2012.10.18"]
[Round "9.2"]
[White "Serra Olives, Tomas"]
[Black "Buxade Roca, Guillermo"]
[Result "1-0"]
[WhiteElo "2132"]
[BlackElo "2128"]
[PlyCount "61"]
[EventDate "2012.10.10"]
[EventType "swiss"]
[EventRounds "9"]
[EventCountry "ESP"]
[Source "lmi"]
[SourceDate "2012.10.10"]

1. e4 c5 2. Nf3 Nc6 3. d4 cxd4 4. Nxd4 Nf6 5. Nc3 e5 6. Ndb5 d6 7. Bg5 a6 8.
Na3 h5 9. Nc4 Be6 10. Ne3 Rc8 11. Ned5 Nd4 12. Bd3 Be7 13. Nxe7 Qxe7 14. O-O
Qd7 15. f4 Ng4 16. f5 Bc4 17. Bxc4 Rxc4 18. h3 Nf6 19. Bxf6 gxf6 20. Nd5 Qd8
21. c3 Nb5 22. Qd3 Rc6 23. Qg3 Kf8 24. Qh4 Rh6 25. Ne3 Kg7 26. Rf3 Nc7 27. Rd1
Qe7 28. Nf1 Kh7 29. Ng3 d5 30. Nxh5 dxe4 31. Qg4 1-0

[Event "España ch 2012 Veteranos"]
[Site "Mondariz ESP"]
[Date "2012.10.18"]
[Round "9.3"]
[White "Lorenzo Duran, Marcos"]
[Black "Montecatine Rios, Ricardo"]
[Result "1/2-1/2"]
[WhiteElo "2112"]
[BlackElo "2316"]
[PlyCount "66"]
[EventDate "2012.10.10"]
[EventType "swiss"]
[EventRounds "9"]
[EventCountry "ESP"]
[Source "lmi"]
[SourceDate "2012.10.10"]

1. e4 d6 2. d4 Nf6 3. Bd3 e5 4. c3 g6 5. Nf3 Nbd7 6. O-O Bg7 7. Re1 O-O 8. Nbd2
Re8 9. Nf1 Nh5 10. g3 c6 11. h4 Ndf6 12. N1h2 Qc7 13. Qc2 h6 14. dxe5 dxe5 15.
Bc4 b5 16. Bf1 Be6 17. a4 a6 18. Be3 Bf8 19. Nd2 Kh7 20. c4 bxa4 21. Rxa4 c5
22. Rea1 Bc8 23. Ra5 Ng7 24. b4 cxb4 25. c5 Bb7 26. Bxa6 Re6 27. Qc4 Nd7 28.
Nb3 Bxa6 29. Rxa6 Raxa6 30. Rxa6 Rxa6 31. Qxa6 Ne6 32. Qc4 Ndxc5 33. Qxb4 Nxb3
1/2-1/2

[Event "España ch 2012 Veteranos"]
[Site "Mondariz ESP"]
[Date "2012.10.18"]
[Round "9.4"]
[White "Pastor Alonso De Prado, Albert"]
[Black "Darias Darias, Luis"]
[Result "1/2-1/2"]
[WhiteElo "2139"]
[BlackElo "1847"]
[PlyCount "74"]
[EventDate "2012.10.10"]
[EventType "swiss"]
[EventRounds "9"]
[EventCountry "ESP"]
[Source "lmi"]
[SourceDate "2012.10.10"]

1. e4 e5 2. Nf3 d6 3. d4 Bg4 4. dxe5 Bxf3 5. Qxf3 dxe5 6. Bc4 Qf6 7. Qb3 b6 8.
O-O Bc5 9. Qa4+ c6 10. b4 Bd4 11. c3 b5 12. Qc2 Bb6 13. Bd3 Ne7 14. a4 bxa4 15.
Nd2 Nd7 16. Nf3 h6 17. c4 O-O 18. Rxa4 c5 19. b5 Ng6 20. Rd1 Rfd8 21. Bf1 Ndf8
22. Rd5 Ne6 23. Ra3 Nd4 24. Nxd4 Rxd5 25. exd5 exd4 26. Qe4 Qe5 27. Qxe5 Nxe5
28. f4 Nd7 29. Kf2 Nf6 30. Kf3 Re8 31. Bd2 Ne4 32. Be1 Nd6 33. Bd2 Ne4 34. Be1
Nd6 35. Bh4 Ne4 36. Be1 Nd6 37. Bd2 Ne4 1/2-1/2

[Event "España ch 2012 Veteranos"]
[Site "Mondariz ESP"]
[Date "2012.10.18"]
[Round "9.5"]
[White "Lopez Colon, Francisco"]
[Black "Hostalet Ferrer, Pedro Enrique"]
[Result "1-0"]
[WhiteElo "2093"]
[BlackElo "2031"]
[PlyCount "93"]
[EventDate "2012.10.10"]
[EventType "swiss"]
[EventRounds "9"]
[EventCountry "ESP"]
[Source "lmi"]
[SourceDate "2012.10.10"]

1. d4 d5 2. c4 e6 3. Nf3 Nf6 4. g3 Bb4+ 5. Bd2 Be7 6. Bg2 Ne4 7. O-O O-O 8. Qc2
Nxd2 9. Nbxd2 Nd7 10. e4 dxe4 11. Nxe4 Nf6 12. Rad1 c6 13. Ne5 Qc7 14. c5 Bd7
15. Rfe1 Nd5 16. f4 b6 17. a3 b5 18. h4 f6 19. Nf3 Be8 20. Bh3 f5 21. Neg5 Nxf4
22. gxf4 Qxf4 23. Qf2 Bh5 24. Bg2 Bxg5 25. hxg5 Rad8 26. Rxe6 Bxf3 27. Qxf3
Rxd4 28. Qxf4 Rxf4 29. Rxc6 Rg4 30. Rcd6 Rxg5 31. Rd8 f4 32. Rxf8+ Kxf8 33. Rd5
Rxd5 34. Bxd5 a5 35. b4 axb4 36. axb4 Ke7 37. Bc6 Kd8 38. Bxb5 Kc7 39. Bd3 h6
40. Bg6 Kc6 41. Kf2 Kb5 42. Kf3 Kxb4 43. c6 Kc5 44. c7 Kb6 45. c8=Q Ka7 46.
Qc7+ Ka6 47. Bd3# 1-0

[Event "España ch 2012 Veteranos"]
[Site "Mondariz ESP"]
[Date "2012.10.18"]
[Round "9.6"]
[White "Coll Pons, Guillem"]
[Black "Diaz Franco, Francisco Jorge"]
[Result "1-0"]
[WhiteElo "2040"]
[BlackElo "1987"]
[PlyCount "61"]
[EventDate "2012.10.10"]
[EventType "swiss"]
[EventRounds "9"]
[EventCountry "ESP"]
[Source "lmi"]
[SourceDate "2012.10.10"]

1. d4 Nf6 2. c4 e6 3. Nc3 Bb4 4. e3 O-O 5. Bd3 d5 6. Nge2 c5 7. O-O cxd4 8.
exd4 dxc4 9. Bxc4 a6 10. Bg5 Be7 11. a3 Qc7 12. Bd3 Ng4 13. Bf4 Bd6 14. Bxd6
Qxd6 15. Ng3 e5 16. dxe5 Qh6 17. h3 Nxe5 18. Be4 Nbc6 19. f4 Rd8 20. Qe2 Nd4
21. Bxh7+ Qxh7 22. Qxe5 Bxh3 23. gxh3 Qxh3 24. f5 Re8 25. Qf4 Rac8 26. Rf2 Rc4
27. Rh2 Ne2+ 28. Ncxe2 Rxf4 29. Rxh3 Rg4 30. Kf2 Rc4 31. Rah1 1-0

[Event "España ch 2012 Veteranos"]
[Site "Mondariz ESP"]
[Date "2012.10.18"]
[Round "9.7"]
[White "Oneto Zarco, Jose"]
[Black "Casares Ripoll, Fernando"]
[Result "1-0"]
[WhiteElo "2013"]
[BlackElo "2149"]
[PlyCount "95"]
[EventDate "2012.10.10"]
[EventType "swiss"]
[EventRounds "9"]
[EventCountry "ESP"]
[Source "lmi"]
[SourceDate "2012.10.10"]

1. d4 d5 2. f4 f5 3. Nf3 Nf6 4. e3 e6 5. Bd3 c5 6. c3 Nc6 7. a3 c4 8. Bc2 Bd6
9. O-O O-O 10. Nbd2 Bd7 11. Ne5 Bxe5 12. dxe5 Ne4 13. Nf3 b5 14. Nd4 a5 15.
Bxe4 fxe4 16. Nxc6 Bxc6 17. Qd4 Qe7 18. Bd2 Be8 19. Be1 Bh5 20. Qd2 Rab8 21. h3
g5 22. g4 Bg6 23. Bg3 a4 24. Rf2 gxf4 25. Bxf4 Rf7 26. Raf1 Qh4 27. Kg2 Rbf8
28. Bg3 Rxf2+ 29. Rxf2 Rxf2+ 30. Qxf2 Qe7 31. Qf6 Qxf6 32. exf6 h5 33. Be5 hxg4
34. hxg4 Kh7 35. Kg3 Bf7 36. Kf4 Kg8 37. Bd4 Be8 38. Ke5 Bf7 39. Kd6 Kf8 40.
Kd7 Bg8 41. Kc6 Bf7 42. Kxb5 Be8+ 43. Kc5 Kf7 44. Kd6 Bb5 45. g5 Be8 46. Be5
Kg6 47. Ke7 Bf7 48. Kf8 1-0

[Event "España ch 2012 Veteranos"]
[Site "Mondariz ESP"]
[Date "2012.10.18"]
[Round "9.8"]
[White "Estrada Martinez, Cesar"]
[Black "Ciuro Munoz, Ricardo"]
[Result "1/2-1/2"]
[WhiteElo "2090"]
[BlackElo "2087"]
[PlyCount "67"]
[EventDate "2012.10.10"]
[EventType "swiss"]
[EventRounds "9"]
[EventCountry "ESP"]
[Source "lmi"]
[SourceDate "2012.10.10"]

1. d4 e6 2. Nf3 d5 3. c4 c6 4. Qc2 Nf6 5. Bg5 Be7 6. e3 O-O 7. Bd3 h6 8. Bh4
Nbd7 9. O-O a6 10. Nbd2 Re8 11. Rac1 Nh5 12. Bxe7 Qxe7 13. Ne5 f5 14. Ndf3 Nhf6
15. cxd5 Nxd5 16. a3 N7f6 17. Ng6 Qd6 18. Nfe5 Bd7 19. Nc4 Qc7 20. b4 Rec8 21.
Nge5 Be8 22. Qd2 Nb6 23. f3 Nxc4 24. Bxc4 Qd6 25. Rfd1 Rc7 26. Qc2 Kh8 27. Bb3
Re7 28. e4 fxe4 29. fxe4 Bh5 30. Rd2 Ng4 31. Nxg4 Bxg4 32. Rf1 Rd8 33. Qd3 Bh5
34. Bd1 1/2-1/2

[Event "España ch 2012 Veteranos"]
[Site "Mondariz ESP"]
[Date "2012.10.18"]
[Round "9.9"]
[White "Bello Filgueira, Joaquin Anton"]
[Black "Gutierrez Leon, Cristobal"]
[Result "1/2-1/2"]
[WhiteElo "1920"]
[BlackElo "1947"]
[PlyCount "81"]
[EventDate "2012.10.10"]
[EventType "swiss"]
[EventRounds "9"]
[EventCountry "ESP"]
[Source "lmi"]
[SourceDate "2012.10.10"]

1. e4 g6 2. d4 Bg7 3. Nf3 d6 4. h3 c5 5. c3 cxd4 6. Nxd4 Nf6 7. Bd3 Nc6 8. Nxc6
bxc6 9. O-O O-O 10. Re1 Nd7 11. Na3 Rb8 12. Qc2 Qc7 13. Nc4 Nc5 14. Ne3 Nxd3
15. Qxd3 Be6 16. b3 Rfd8 17. Bb2 d5 18. exd5 cxd5 19. Qe2 d4 20. cxd4 Bxd4 21.
Rad1 Qe5 22. Rxd4 Rxd4 23. Bxd4 Qxd4 24. Rd1 Qb6 25. Nc4 Qa6 26. Qe5 Rc8 27.
Qc3 f6 28. Qe3 Kf7 29. Re1 Re8 30. Qh6 Kg8 31. Re4 Bxc4 32. bxc4 e5 33. Qd2 Qc6
34. Qd5+ Qxd5 35. cxd5 Rd8 36. Ra4 Rd7 37. Kf1 f5 38. Ke2 Kf8 39. Ke3 Ke7 40.
Ra5 Rc7 41. Kd3 {El resto de la partida es ilegible.} 1/2-1/2

[Event "España ch 2012 Veteranos"]
[Site "Mondariz ESP"]
[Date "2012.10.18"]
[Round "9.10"]
[White "Vinal Gutierrez, Pedro"]
[Black "Vidal Torres, Roberto"]
[Result "1-0"]
[WhiteElo "2009"]
[BlackElo "1705"]
[PlyCount "79"]
[EventDate "2012.10.10"]
[EventType "swiss"]
[EventRounds "9"]
[EventCountry "ESP"]
[Source "lmi"]
[SourceDate "2012.10.10"]

1. d4 d5 2. Nf3 Nf6 3. Bf4 e6 4. e3 Be7 5. Bd3 Nbd7 6. Nbd2 b6 7. Ne5 Bb7 8.
O-O Rc8 9. Ba6 Nxe5 10. Bxb7 Ng6 11. Bxc8 Qxc8 12. Bg3 O-O 13. c4 c5 14. cxd5
exd5 15. dxc5 bxc5 16. Qa4 Qb7 17. b3 h5 18. h3 h4 19. Bh2 Rc8 20. e4 dxe4 21.
Rfe1 Rd8 22. Nxe4 Rd4 23. Nxf6+ Bxf6 24. Qe8+ Kh7 25. Rad1 Qd5 26. Qe2 a5 27.
Rxd4 cxd4 28. Qe4 Qb5 29. Rd1 Qc5 30. Bf4 Qa3 31. Qb1 Kg8 32. Bc1 Qc5 33. Qe4
Qh5 34. Qg4 Qc5 35. Bb2 Qc2 36. Bxd4 Bxd4 37. Rxd4 Qb1+ 38. Qd1 Qxa2 39. Rd8+
Nf8 40. Qd6 1-0

[Event "España ch 2012 Veteranos"]
[Site "Mondariz ESP"]
[Date "2012.10.18"]
[Round "9.11"]
[White "Garcia Sanchez, Jose Manuel"]
[Black "Benito Alba, Eladio"]
[Result "1/2-1/2"]
[WhiteElo "1874"]
[BlackElo "1736"]
[PlyCount "69"]
[EventDate "2012.10.10"]
[EventType "swiss"]
[EventRounds "9"]
[EventCountry "ESP"]
[Source "lmi"]
[SourceDate "2012.10.10"]

1. e4 c6 2. d4 d5 3. Nc3 dxe4 4. Nxe4 Bf5 5. Ng3 Bg6 6. Nf3 Nd7 7. Bd3 Bxd3 8.
Qxd3 Ngf6 9. O-O e6 10. Re1 Be7 11. c4 O-O 12. Be3 Qa5 13. Bd2 Bb4 14. Bxb4
Qxb4 15. a3 Qb6 16. b4 Rfd8 17. Rad1 Qc7 18. Qe3 Re8 19. Ne5 Rad8 20. f4 Nf8
21. Qf3 Ng6 22. Ne4 Nxe4 23. Qxe4 Nxe5 24. fxe5 Qe7 25. Rd3 Rd7 26. Ree3 Red8
27. Rh3 g6 28. Qf4 Qf8 29. Rh4 Qg7 30. Qd2 f5 31. exf6 Qxf6 32. Rf4 Qg7 33.
Rff3 Rxd4 34. g3 Rxd3 35. Rxd3 1/2-1/2